El padre Pro : un mártir mexicano /

Obra que presenta una síntesis biográfica del sacerdote jesuita Miguel Agustín Pro Juárez (1891-1927) nacido en Zacatecas y beatificado el 25 de septiembre de 1988, así como las causas que lo llevaron al paredón para ser fusilado el 23 de noviembre de 1927 en México.

Salvato in:
Dettagli Bibliografici
Autore principale: Royer, Fanchón (autor)
Natura: Libro
Lingua:spagnolo
Pubblicazione: México : Buena Prensa, 1987, c1987
Soggetti:
Tags: Aggiungi Tag
Nessun Tag, puoi essere il primo ad aggiungerne!!

MARC

LEADER 00000nam^a2200000^a^4500
001 000260432
005 20250521000000.0
009 20260310110438.755
037 |a Acervo Xavier Clavigero 
041 |a ESP 
082 |a 255. 530092  |b ROY 
100 |a Royer, Fanchón  |e (autor) 
240 1 4 |a [El padre Pro: un mártir mexicano] 
245 1 3 |a El padre Pro :  |b un mártir mexicano /  |c F. Royer ; tr. por Jesús M. Escalante. 
264 4 |a México :  |b Buena Prensa,  |c 1987, c1987 
300 |a 141 p. 
336 |a texto  |b txt  |2 rdacontenido 
337 |a sin mediación  |b n  |2 rdamedio 
338 |a volumen  |b nc  |2 rdasoporte 
500 |a Traducción de: Father Pro: Mexican Hero 
520 |a Obra que presenta una síntesis biográfica del sacerdote jesuita Miguel Agustín Pro Juárez (1891-1927) nacido en Zacatecas y beatificado el 25 de septiembre de 1988, así como las causas que lo llevaron al paredón para ser fusilado el 23 de noviembre de 1927 en México. 
649 |a XX 
650 |a Mártires Mexicanos -  |x Biografías 
650 |a Religiosos Mexicanos -  |x Biografías 
650 |a Jesuitas Mexicanos -  |x Biografías 
650 |a Jesuitas en México -  |x Historia -  |y Régimen Callista, 1924-1928 
650 |a Iglesia Católica en México -  |x Historia -  |y Régimen Callista, 1924-1928 
650 |a Iglesia y Estado -  |z México -  |x Historia -  |y Régimen Callista, 1924-1928 
650 |a Vida Monástica y Religiosa 
650 |a Guerra Cristera 
650 |a Movimientos Religiosos -  |z México -  |x Historia -  |y Régimen Callista, 1924-1928 
650 |a Movimientos Sociales -  |z México -  |x Historia -  |y Régimen Callista, 1924-1928 
650 |a Política y Religión -  |z México -  |x Historia -  |y Régimen Callista, 1924-1928 
650 |a Política -  |z México -  |x Historia -  |y Régimen Callista, 1924-1928 
650 |a Política -  |z México -  |x Historia -  |y 1910-1946 
650 |a Política -  |z México -  |x Historia -  |y Siglo XX 
650 |a México -  |x Historia -  |y Régimen Callista, 1924-1928 
650 |a México -  |x Historia -  |y 1910-1946 
650 |a México -  |x Historia -  |y Siglo XX 
650 |a Pro Juárez, Miguel Agustín -  |x Tema Principal 
910 |a Fondo General 
920 |a Impresos - Libros 
930 |a Colección General 
940 |a Jesuitas 
940 |a Guerra Cristera 
905 |a 101 
901 |a 0500128248  |b IT1  |c ACC  |u 20250521 
902 |a https://opac.biblio.iteso.mx/vufind/Record/000260432